Countries Without First and Last Letter - Sudden Death #1 - Statistics

General Stats
  • This quiz has been taken 508 times
  • The average score is 14 of 19
Answers on the Grid
Answers color-coded by a green-red scale on the quiz's grid according to % correct below.
AMIBI
AO
ANAD
HIL
MA
AL
ER
ENY
RUNE
WAND
HAN
ANAM
AMO
RAZI
URKE
ATA
ALT
PAI
ORDA
BON
AIN
APE
IM
ALBI
ASTA
URN
LOVE
 
Answer Stats
Answer % Correct
NAMIBIA AMIBI
90%
PANAMA ANAM
87%
CANADA ANAD
84%
TURKEY URKE
84%
MALTA ALT
82%
LAOS AO
80%
RWANDA WAND
80%
JORDAN ORDA
78%
KENYA ENY
77%
CHILE HIL
77%
BRAZIL RAZI
69%
OMAN MA
67%
BRUNEI RUNE
67%
MALI AL
66%
PERU ER
65%
SPAIN PAI
65%
QATAR ATA
52%
GHANA HAN
50%
SAMOA AMO
48%
No matching quizzes found
Score Distribution
Percent of People with Each Score
Percentile by Number Answered
Your Score History
You have not taken this quiz